Sensor magnético de vehículos utilizando el campo magnético terrestre
Guardado en:
| Autor principal: | |
|---|---|
| Otros Autores: | |
| Formato: | Libro |
| Publicado: |
[San José , Costa Rica]
1975
|
| Etiquetas: |
Agregar Etiqueta
Sin Etiquetas, Sea el primero en etiquetar este registro!
|
MARC
| LEADER | 00000nam a2200000Ia 4500 | ||
|---|---|---|---|
| 003 | PIE048 | ||
| 005 | 20231114155033.0 | ||
| 008 | 140116s1975 c a m 000 ||s d | ||
| 040 | |c cru CEDI | ||
| 090 | |a PIE-48 | ||
| 100 | |a Esquivel Hernández, Milton |9 17649 | ||
| 245 | |a Sensor magnético de vehículos utilizando el campo magnético terrestre | ||
| 260 | |a [San José , Costa Rica] |c 1975 | ||
| 300 | |a 10 hojas ;ilustraciones | ||
| 500 | |a A la Cabeza de la portada. Universidad de Costa Rica. Facultad de Ingeniería. Escuela de Ingeniería Eléctrica. Laboratorio Proyecto Eléctrico IE-410 | ||
| 501 | |a Profesor Guía: Ing. Marco Antonio Vásquez | ||
| 700 | |a Vásquez, Marco Antonio |d Director de Proyecto Eléctrico |9 1768 | ||
| 942 | |c PIE |h PIE-48 |i PIE048 |6 PIE_48_PIE048 | ||
| 999 | |c 13426 |d 13426 | ||
